000 00287nam a22001217a 4500
008 170622b xxu||||| |||| 00| 0 eng d
041 _aeng
080 _a32
100 _a21
101 _ashp
245 _aPOLITICAL THEORY AND INTERNATIONAL RELATIONS
_cBEITZ.CH.R
942 _2udc
_cBK
999 _c18719
_d18719